Guess 30 Newcastle footballers by image - Statistics

General Stats
  • This quiz has been taken 205 times
  • The average score is 20 of 30
Answer Stats
Picture Answer % Correct
Alan Shearer
96%
Alexander Isak
96%
James Milner
95%
Kieran Trippier
95%
Loris Karius
88%
Nick Pope
86%
Bruno Guimarães
85%
Miguel Almiron
81%
Callum Wilson
80%
Andy Carroll
79%
Patrick Kluivert
78%
Tim Krul
76%
Martin Dubravka
72%
Georginio Wijnaldum
71%
Aleksandar Mitrovic
68%
Michael Owen
65%
Ian Rush
64%
Sven Botman
64%
Allan Saint-Maximin
62%
Fabian Schar
59%
Andy Cole
58%
Fabricio Coloccini
55%
Moussa Sissoko
55%
Kevin Keegan
54%
Yohan Cabaye
54%
Obafemi Martins
48%
John Barnes
47%
Giuseppe Rossi
28%
Craig Bellamy
24%
Hatem Ben Harfa
19%
No matching quizzes found
Score Distribution
Percent of People with Each Score
Percentile by Number Answered
Your Score History
You have not taken this quiz